Виртуальные лабораторные работы - широкие возможности: дифракция Фраунгофера на щели и нити, дифракционная решетка; Проблемы учебного физического эксперимента; Вып. 36 : Учебный физический эксперимент: актуальные проблемы. Современные решения, Глазов, 28-29 января 2022 г.
| Parent link: | Проблемы учебного физического эксперимента: сборник научных трудов/ Министерство народного образования Удмуртской Республики ; Глазовский государственный педагогический институт им. В. Г. Короленко Вып. 36 : Учебный физический эксперимент: актуальные проблемы. Современные решения, Глазов, 28-29 января 2022 г..— 2022.— [С. 86-88] |
|---|---|
| Автор: | |
| Співавтор: | |
| Інші автори: | , |
| Резюме: | Заглавие с титульного экрана Предложен комплекс виртуальных лабораторных работ по дифракции Фраунгофера на щели и нити, на дифракционной решетке с расширенными функциональными возможностями. We have proposed a complex of virtual laboratory works about the Fraunhofer diffraction on a single slit and a thin wire, on diffraction grating with enhanced functionalities Режим доступа: по договору с организацией-держателем ресурса |
| Мова: | Російська |
| Опубліковано: |
2022
|
| Предмети: | |
| Онлайн доступ: | https://elibrary.ru/item.asp?id=48474460 |
| Формат: | Електронний ресурс Частина з книги |
| KOHA link: | https://koha.lib.tpu.ru/cgi-bin/koha/opac-detail.pl?biblionumber=667996 |
MARC
| LEADER | 00000naa0a2200000 4500 | ||
|---|---|---|---|
| 001 | 667996 | ||
| 005 | 20250530164119.0 | ||
| 035 | |a (RuTPU)RU\TPU\network\39207 | ||
| 035 | |a RU\TPU\network\16196 | ||
| 090 | |a 667996 | ||
| 100 | |a 20220524d2022 k||y0rusy50 ca | ||
| 101 | 0 | |a rus | |
| 102 | |a RU | ||
| 135 | |a drcn ---uucaa | ||
| 181 | 0 | |a i | |
| 182 | 0 | |a b | |
| 200 | 1 | |a Виртуальные лабораторные работы - широкие возможности: дифракция Фраунгофера на щели и нити, дифракционная решетка |f В. В. Шамшутдинова, Ю. Б. Моржикова, С. В. Обухов | |
| 203 | |a Текст |c электронный | ||
| 300 | |a Заглавие с титульного экрана | ||
| 320 | |a [Библиогр.: 1 назв.] | ||
| 330 | |a Предложен комплекс виртуальных лабораторных работ по дифракции Фраунгофера на щели и нити, на дифракционной решетке с расширенными функциональными возможностями. | ||
| 330 | |a We have proposed a complex of virtual laboratory works about the Fraunhofer diffraction on a single slit and a thin wire, on diffraction grating with enhanced functionalities | ||
| 333 | |a Режим доступа: по договору с организацией-держателем ресурса | ||
| 461 | |t Проблемы учебного физического эксперимента |o сборник научных трудов |f Министерство народного образования Удмуртской Республики ; Глазовский государственный педагогический институт им. В. Г. Короленко | ||
| 463 | |t Вып. 36 : Учебный физический эксперимент: актуальные проблемы. Современные решения, Глазов, 28-29 января 2022 г. |o материалы XXVII Всероссийской научно-практической конференции с международным участием |v [С. 86-88] |d 2022 | ||
| 610 | 1 | |a электронный ресурс | |
| 610 | 1 | |a труды учёных ТПУ | |
| 610 | 1 | |a лабораторные практикумы | |
| 610 | 1 | |a виртуальные работы | |
| 610 | 1 | |a дифракция Фраунгофера | |
| 610 | 1 | |a дифракционные решетки | |
| 700 | 1 | |a Шамшутдинова |b В. В. |c физик |c доцент Томского политехнического университета, кандидат физико-математических наук |f 1982- |g Варвара Владимировна |3 (RuTPU)RU\TPU\pers\30236 |9 14616 | |
| 701 | 1 | |a Моржикова |b Ю. Б. |c физик |c доцент Томского политехнического университета, кандидат физико-математических наук |c девичья фамилия Юхник |f 1979- |g Юлия Борисовна |3 (RuTPU)RU\TPU\pers\30233 |9 14613 | |
| 701 | 1 | |a Обухов |b С. В. |c физик |c доцент Томского политехнического университета, кандидат физико-математических наук |f 1984- |g Сергей Владимирович |3 (RuTPU)RU\TPU\pers\34192 |9 17726 | |
| 712 | 0 | 2 | |a Национальный исследовательский Томский политехнический университет |b Школа базовой инженерной подготовки |b Отделение естественных наук |3 (RuTPU)RU\TPU\col\23562 |
| 801 | 2 | |a RU |b 63413507 |c 20220620 |g RCR | |
| 850 | |a 63413507 | ||
| 856 | 4 | |u https://elibrary.ru/item.asp?id=48474460 |z https://elibrary.ru/item.asp?id=48474460 | |
| 942 | |c CF | ||